История Пугачева. Капитанская дочка: повести

Podrobná bibliografie
Hlavní autor: Пушкин А. С. Александр Сергеевич
Shrnutí:В книгу вошли историческое исследование А. С. Пушкина "История Пугачева" и прозаическое сочинение "Капитанская дочка".
Jazyk:ruština
Vydáno: Москва, Даръ, 2005
Edice:Русская культура
Témata:
Médium: MixedMaterials Kniha
KOHA link:https://koha.lib.tpu.ru/cgi-bin/koha/opac-detail.pl?biblionumber=105719

MARC

LEADER 00000nam0a2200000 4500
001 105719
005 20240914063122.0
010 |a 548500010X 
035 |a (RuTPU)RU\TPU\book\114074 
090 |a 105719 
100 |a 20061121d2005 m y0rusy50 ca 
101 0 |a rus 
102 |a RU 
105 |a y z 000ay 
200 1 |a История Пугачева. Капитанская дочка  |e повести  |f А. С. Пушкин 
210 |a Москва  |c Даръ  |d 2005 
215 |a 400 с. 
225 1 |a Русская культура 
330 |a В книгу вошли историческое исследование А. С. Пушкина "История Пугачева" и прозаическое сочинение "Капитанская дочка". 
610 1 |a русская литература 
610 1 |a исторические повести 
610 1 |a проза 
675 |a Р1  |v 3 
700 1 |a Пушкин  |b А. С.  |c российский поэт  |c писатель  |f 1799-1837  |g Александр Сергеевич  |7 ca  |8 rus  |2 stltpush  |3 (RuTPU)RU\TPU\pers\1026  |9 453 
801 1 |a RU  |b 63413507  |c 20061121  |g PSBO 
801 2 |a RU  |b 63413507  |c 20070328  |g PSBO 
942 |c BK